000 00616nam a2200229Ia 4500
003 OSt
005 20221007071704.0
006 a|||||r|||| 00| 0
007 ta
008 221006b |||||||| |||| 00| 0 eng d
024 _a12,794
037 _cTextual
040 _aFLL
_cFLL
_beng
041 _2eng
_aeng
082 _aV3:2:N5, J9
100 _aWatson George Au.
_9589378
245 0 _aBritish constitution and Europe
260 _aLondon
_bGeorge Allen & Unwin ltd. London
_c1959
300 _a79p
_ccm.
942 _hV3:2:N5, J9
_cTEXL
_2CC
999 _c1143977
_d1143977